000 00416nam a22001697a 4500
005 20160623165453.0
008 160623b xxu||||| |||| 00| 0 eng d
020 _a81-7008-991-3
041 _aeng
082 _b9485
100 _aRajpat, R.K.
_92616
245 _aA Text Book of Automotrice engineering
260 _bLaxmi Publication
_c2013
300 _a863
650 _aDiploma Engineering
_9817
942 _cBK
999 _c3733
_d3732